00509nam a22001697a 450000500170000001000150001702000260003203500140005803700130007208200100008510000160009524500490011126000390016027000660019930000240026550000500028920170621104505.0 aENG-118818 a9788181922182c895.00 aEN-102350 bDBAD/PUB a158.1 aPrabha Rani aThe art of self confidence /cby Prabha Rani aJaipurbSublime Publicationsc2015 a18, Jain Bhawan, Opp. N.B.C., Shastri Nagar bJaipure302006 avi,224p.c22cm.(Hb) aincludes bibliographical references and index